| Tag |
First Indicator |
Second Indicator |
Subfields |
| LEADER |
00000cam a2200000Ia 4500 |
| 001 |
in00002379949 |
| 005 |
20151109053724.0 |
| 008 |
080501s2008 be a b 100 0 eng d |
| 020 |
|
|
|a 9789066050150
|
| 020 |
|
|
|a 9066050152
|
| 035 |
|
|
|a (OCoLC)ocn226763714
|
| 035 |
|
|
|a (OCoLC)226763714
|
| 040 |
|
|
|a VXG
|c VXG
|d TXA
|d UtOrBLW
|
| 049 |
|
|
|a TXAM
|
| 090 |
|
|
|a S589.8
|b .I575 2005
|
| 111 |
2 |
|
|a International Symposium on Growing Media
|d (2005 :
|c Angers, France)
|
| 245 |
1 |
0 |
|a Proceedings of the International Symposium on Growing Media :
|b Angers, France, September 4-10, 2005 /
|c convener J.-C. Michel ; ISHS Commission Plant Substrates and Soilless Culture, ISHS Working Group on Growing Media, IPS Commission II: Industrial Utilisation of Peat and Peatlands, for Energy, Horticulture, Environmental Protection and Other Purposes, IPS Working Group HOPE - Horticultural use of Peat ; [editor J.-C. Michel].
|
| 264 |
|
1 |
|a Leuven :
|b ISHS,
|c 2008.
|
| 300 |
|
|
|a 704 pages :
|b illustrations ;
|c 24 cm.
|
| 336 |
|
|
|a text
|b txt
|2 rdacontent
|
| 337 |
|
|
|a unmediated
|b n
|2 rdamedia
|
| 338 |
|
|
|a volume
|b nc
|2 rdacarrier
|
| 490 |
1 |
|
|a Acta horticulturae,
|v no. 779
|
| 504 |
|
|
|a Includes bibliographical references.
|
| 650 |
|
0 |
|a Plant growing media
|v Congresses.
|
| 700 |
1 |
|
|a Michel, J.-C.
|q (Jean-Charles)
|
| 710 |
2 |
|
|a International Society for Horticultural Science.
|b Commission Plant Substrates and Soilless Culture.
|
| 710 |
2 |
|
|a International Society for Horticultural Science.
|b Working Group Growing Media.
|
| 710 |
2 |
|
|a International Peat Society.
|b Commission II.
|
| 710 |
2 |
|
|a International Peat Society.
|b Working Group HOPE: Horticultural use of Peat.
|
| 830 |
|
0 |
|a Acta horticulturae ;
|v no. 779.
|
| 994 |
|
|
|a C0
|b TXA
|
| 948 |
|
|
|a cataloged
|b h
|c 2008/5/12
|d c
|e jlanham
|f 12:59:18 pm
|
| 999 |
|
|
|a MARS
|
| 999 |
f |
f |
|s 385a216f-62b8-3904-a3aa-6489fb41724c
|i 2c4643c6-c590-34ab-b810-571e153b69ab
|t 0
|
| 952 |
f |
f |
|p ric
|a Texas A&M University
|b Rellis Campus
|c Joint Library Facility
|d Remote Storage
|t 0
|e S589.8 .I575 2005
|h Library of Congress classification
|i unmediated -- volume
|m A14837229187
|
| 998 |
f |
f |
|a S589.8 .I575 2005
|t 0
|l Remote Storage
|